Polt̕ica industrial manufacturera

Detalles Bibliográficos
Autor principal: Luis Calva, Još
Formato: eBook
Lenguaje:español
Publicado: Ciudad de Mx̌ico: Cm̀ara de Diputados, 2007
Materias:
Acceso en línea:Acceso restringido

MARC

LEADER 00000nam a22000007a 4500
005 2017122106366.0
007 cr|||| ||||
008 171221s2007 mx |||||s|||| 00||0 spa d
020 |a 970-32-3539-5 
035 |a 20924 
040 |a vLex 
090 |c 7343  |d 7343 
100 1 |a Luis Calva, Još 
245 1 0 |a Polt̕ica industrial manufacturera  |h [Recurso electrn̤ico] /  |c Jos ̌Luis Calva 
256 |a Servicio en ln̕ea 
260 |a Ciudad de Mx̌ico:  |b Cm̀ara de Diputados,  |c 2007 
300 |a 1 recurso electrn̤ico 
500 |a  La tradicin̤ universitaria de “pensar la nacin̤” adquiere en estas primeras dčadas del siglo xxi una trascendencia fundamental, ya que la situacin̤ econm̤ica, polt̕ica y social de Mx̌ico demanda el esfuerzo conjunto tanto del Estado como de la sociedad para definir con claridad el rumbo que deber ̀tomar el pas̕ con el fin de avanzar en la construccin̤ de una realidad ms̀ justa y equitativa para los mexicanos. Siguiendo ese hb̀ito de reflexin̤ profunda e inteligente, la unam convoc ̤a ms̀ de doscientos destacados investigadores de las principales instituciones acadm̌icas, a participar en el seminario “Agenda del Desarrollo 2006-2020”. Democrt̀ico y plural ha sido el ejercicio de anl̀isis y discusin̤ que anim ̤el trabajo que da cuerpo a esta obra, esencial para entender la compleja situacin̤ por la que atraviesa nuestro pas̕ y conocer los caminos por los que podemos transitar como nacin̤. El presente volumen, sp̌timo de la serie, se ocupa —junto con los tomos octavo y noveno— de la industria manufacturera, la industria energťica y el sector agropecuario, forestal y pesquero. Definen los cursos de accin̤ y los instrumentos de polt̕ica pb︢lica que permitan conseguir un desarrollo ms̀ acelerado, articulado e integral de nuestras actividades productivas, a fin de transitar a una economa̕ ms̀ competitiva. 
506 1 |a Disponible solo en los productos indicados  |d vLex Global  |d vLex Global (Academic Edition, excluding Law Schools)  |d vLex Global (U.S. Academic Edition, Law Schools)  |d vLex Global (U.S. Academic Edition, excluding Law Schools)  |d vLex Global (Academic Edition, Law Schools) 
650 0 4 |a Derecho Pb︢lico y Administrativo  |z Mx̌ico 
740 0 |a vLex Libros (Servicio en ln̕ea) 
856 4 0 |u http://vlex.com/source/politica-industrial-manufacturera-20924  |z Acceso restringido 
942 |c BOOK 
999 0 |a Public law 
999 0 |a Administrative law